La broma

Gespeichert in:
Bibliographische Detailangaben
1. Verfasser: Kundera, Milan
Format: Buch
Sprache:Spanish
Veröffentlicht: Barcelona, España Editorial Seix Barral 1990
Schlagworte:
Tags: Tag hinzufügen
Keine Tags, Fügen Sie den ersten Tag hinzu!

MARC

LEADER 00000nam a22000007a 4500
008 171130b xxu||||| |||| 00| 0 spa d
999 |c 30909  |d 30909 
020 |a 968-6005-06-4 
040 |a cru BVZT 
090 |a 800-Ch K-1b 
100 |a Kundera, Milan 
245 |a La broma  |c  / Milan Kundera; Fernando de Valenzuela, traductor 
260 |a Barcelona, España  |b Editorial Seix Barral  |c 1990 
300 |a 329 páginas 
650 |a LITERATURA CHECOSLOVACA 
650 |a NOVELA  |9 13 
942 |c 15 D  |h 800-Ch K-1b  |2 z